FIFA - Les jeux vidéos FIFA - Statistiques

Statistiques générales
  • Ce quiz a été pris 167 fois
  • Le résultat moyen est 16 sur 30
Statistiques - réponses
Année Jeu % Correct
2021 FIFA 22
90%
2018 FIFA 19
88%
2022 FIFA 23
86%
2014 FIFA 15
85%
2019 FIFA 20
85%
2010 FIFA 11
84%
2011 FIFA 12
84%
2015 FIFA 16
84%
2009 FIFA 10
83%
2012 FIFA 13
83%
2013 FIFA 14
82%
2016 FIFA 17
82%
2017 FIFA 18
82%
2020 FIFA 21
82%
2008 FIFA 09
78%
2007 FIFA 08
76%
2006 FIFA 07
75%
2005 FIFA 06
74%
1999 FIFA 2000
29%
1998 FIFA 99
27%
1996 FIFA 97
19%
2000 FIFA football 2001
8%
2001 FIFA football 2002
8%
2002 FIFA football 2003
8%
2003 FIFA football 2004
8%
2004 FIFA football 2005
7%
1993 FIFA International soccer
1%
1997 FIFA Road to world cup 98
1%
1994 FIFA Soccer 95
1%
1995 FIFA Soccer 96
1%
Aucun quiz correspondant
Distribution des résultats
% des personnes avec chaque résultat
Percentile par nombre de réponses
Votre historique - résultats
Vous n’avez pas pris ce quiz